| 000 | 01118cam a2200301 i 4500 | ||
|---|---|---|---|
| 001 | 54749 | ||
| 003 | Mx-PuUPA | ||
| 005 | 20220307122916.0 | ||
| 008 | 140415s2007 sp gr 000 0 spa d | ||
| 020 | _a8441321906 | ||
| 040 |
_erda _aMx-PuUPA _dMx-PuUPA _cMx-PuUPA _bspa |
||
| 041 | 0 | _aspa | |
| 100 | 1 |
_aSeneca, Lucius Annaeus, _dapproximately 4 B.C.-65 A.D. _eautor _94374 |
|
| 245 | 1 | 0 |
_aElogio de la ancianidad : _b(cartas morales a Lucio) / _cSéneca ; traducción, Jaime Bofill. |
| 264 | 1 |
_aBarcelona : _bEdiciones Folio, _c©2007 |
|
| 300 |
_a116 páginas ; _c19 cm. |
||
| 336 |
_atexto _2rdacontent _btxt |
||
| 337 |
_asin medio _2rdamedia _bn |
||
| 338 |
_avolumen _2rdacarrier _bnc |
||
| 490 | 0 | _aColección Grandes ! Ideas | |
| 500 | _aElogio de la ancianidad corresponde a los capítulos I, II y III de Cartas Morales a Lucilio (Tomo I). Página legal | ||
| 500 | _aColección dirigida por Joan-Carles Mélich. | ||
| 650 | 4 |
_aFilosofía clásica _2armarc |
|
| 700 | 1 |
_aBofill, Jaime, _etraductor |
|
| 942 |
_2ddc _cLI _h109 _iS4745 |
||
| 999 |
_c54749 _d54749 |
||